Political community and the north Atlantic area: international organization in the light of historical experience

Salvato in:
Dettagli Bibliografici
Autori principali: Deutsch, Karl W (Autore), Burrell, Sidney A (Autore), Kann, Robert A (Autore), Lee, Maurice (Autore), Lichtermann, Martin (Autore), Lindgren, Raymond E (Autore), Van Wagenen, Richard W (Autore)
Altri autori: Loewenheim, Francis L. (autor)
Natura: Libro
Lingua:inglese
Pubblicazione: Princeton Princeton University 1957
Soggetti:
Tags: Aggiungi Tag
Nessun Tag, puoi essere il primo ad aggiungerne!!

MARC

LEADER 00000nam a2200000 a 4500
001 UCO8185
003 CL-VaPUC
008 001201e19570000us |||||||||||||||||eng|d
082 0 4 |a 327.09  |b DEU  |2 21 
100 |a Deutsch, Karl W  |e author  |9 378898 
700 0 |a Burrell, Sidney A  |e author  |9 452992 
700 0 |a Kann, Robert A  |e author  |9 452993 
700 |a Lee, Maurice  |e author  |9 452994 
700 0 |a Lichtermann, Martin  |e author  |9 452995 
700 0 |a Lindgren, Raymond E  |e author  |9 452996 
700 |a Loewenheim, Francis L.  |e autor  |9 587725 
700 0 |a Van Wagenen, Richard W  |e author  |9 452998 
245 1 0 |a Political community and the north Atlantic area: international organization in the light of historical experience 
300 |a 227 p 
942 |c BK 
945 |d 20001201 00:00:00  |a crobeson 
260 |a Princeton  |b Princeton University  |c 1957 
500 |a Donación del profesor Manfred Wilhelmy von Wolff 
650 0 |a Relaciones Internacionales  |9 255740 
650 7 |a INTEGRACION POLITICA  |2 CL-VaPUC  |9 357747 
650 0 |a Política exterior   |9 316628 
651 7 |a OCEANO ATLANTICO  |2 CL-VaPUC  |9 262204 
583 |a last modification  |c 20171205 02:29:37  |k Rodrigo Vera 
999 |c 292912  |d 292910 
952 |0 0  |1 0  |4 0  |6 327_090000000000000_DEU_1957  |7 0  |8 A  |9 343992  |a BIBHIS  |b BIBHIS  |d 2019-11-20  |i 1230972  |o 327.09 DEU 1957  |p 1230972  |r 2025-01-20  |w 2019-11-20  |y BK  |k HIS